Burzynski: Cancer Is Serious Business - Part II (Record no. 335019)
[ view plain ]
| 000 -LEADER | |
|---|---|
| fixed length control field | 00533nam a2200097Ia 4500 |
| 008 - FIXED-LENGTH DATA ELEMENTS--GENERAL INFORMATION | |
| fixed length control field | 170517s9999 xx 000 0 und d |
| 245 ## - TITLE STATEMENT | |
| Title | Burzynski: Cancer Is Serious Business - Part II |
| 300 ## - PHYSICAL DESCRIPTION | |
| Extent | This story is a follow-up to the first documentary about Burzynski, a doctor and biochemist, who in late '60s discovered a new group of peptides in our bodies. After escaping from communist Poland to live in Houston in the... |
| 650 ## - SUBJECT ADDED ENTRY--TOPICAL TERM | |
| General subdivision | Technology. |
| 856 ## - ELECTRONIC LOCATION AND ACCESS | |
| Uniform Resource Identifier | <a href="http://topdocumentaryfilms.com/burzynski-cancer-serious-business-part-2/">http://topdocumentaryfilms.com/burzynski-cancer-serious-business-part-2/</a> |
| Withdrawn status | Lost status | Damaged status | Home library | Current library | Date acquired | Total Checkouts | Date last seen | Price effective from | Koha item type |
|---|---|---|---|---|---|---|---|---|---|
| College Library | College Library | 05/17/2017 | 05/17/2017 | 05/17/2017 | Documentary Films |